000 00505nam a2200157 i 4500
001 61081
003 ES-MaACL
007 t|
008 031110s1980 sp ||||1| spa d
245 0 0 _aEstudios sobre la revolución francesa y el final del antiguo régimen /
_cD. Richet ... [et al.] ; edición de Juan de Calatrava.
260 _aMadrid :
_bAkal,
_c[1980]
300 _a226 p. ;
_c22 cm.
700 1 _aRichet, D.
_996956
700 1 _aCalatrava, Juan de.
_933547
852 _aES-MaACL
_jL-778
_bR.101236
999 _c61081
_d61081